Guía del Museo de Escultura al Aire Libre de La Castellana / (Record no. 13507)

MARC details
000 -LEADER
campo de control de longitud fija 00890nam a2200241 i 4500
001 - NÚMERO DE CONTROL
campo de control 13507
003 - IDENTIFICADOR DE NÚMERO DE CONTROL
campo de control ES-MaACL
005 - FECHA Y HORA DE LA ÚLTIMA TRANSACCIÓN
campo de control 20230906150610.0
007 - CAMPO FIJO DE DESCRIPCIÓN FÍSICA--INFORMACIÓN GENERAL
campo de control de longitud fija t|
008 - DATOS DE LONGITUD FIJA--INFORMACIÓN GENERAL
campo de control de longitud fija 980424s1995 sp ||||1| spa d
020 ## - NÚMERO INTERNACIONAL ESTÁNDAR DEL LIBRO
Número Internacional Estándar del Libro 84-89114-02-1
080 ## - NÚMERO DE LA CLASIFICACIÓN DECIMAL UNIVERSAL
Número de la Clasificación Decimal Universal 73(460.27M.)
100 1# - ENTRADA PRINCIPAL--NOMBRE DE PERSONA
Nombre de persona Rivas, María José.
9 (RLIN) 97563
245 10 - MENCIÓN DEL TÍTULO
Título Guía del Museo de Escultura al Aire Libre de La Castellana /
Mención de responsabilidad, etc. María José Rivas, Eduardo Salas.
260 ## - PUBLICACIÓN, DISTRIBUCIÓN, ETC.
Lugar de publicación, distribución, etc. Madrid :
Nombre del editor, distribuidor, etc. Ayuntamiento, Concejalía de Cultura y Medio Ambiente :
-- Museos Municipales,
Fecha de publicación, distribución, etc. D.L. 1995.
300 ## - DESCRIPCIÓN FÍSICA
Extensión 74 p. :
Otras características físicas il ;
Dimensiones 24 cm.
610 27 - PUNTO DE ACCESO ADICIONAL DE MATERIA--NOMBRE DE ENTIDAD CORPORATIVA
Nombre de entidad corporativa o nombre de jurisdicción como elemento de entrada Museo de Escultura al Aire Libre de la Castellana.
9 (RLIN) 5853
650 14 - PUNTO DE ACCESO ADICIONAL DE MATERIA--TÉRMINO DE MATERIA
Término de materia o nombre geográfico como elemento de entrada Escultura-
Subdivisión geográfica Madrid.
9 (RLIN) 12421
700 1# - ENTRADA AGREGADA--NOMBRE PERSONAL
Nombre de persona Salas, Eduardo.
9 (RLIN) 101726
710 1# - ENTRADA AGREGADA--NOMBRE DE ENTIDAD CORPORATIVA
Nombre de entidad corporativa o nombre de jurisdicción como elemento de entrada Madrid.
Unidad subordinada Concejalía de Cultura y Medio Ambiente.
9 (RLIN) 5576
710 2# - ENTRADA AGREGADA--NOMBRE DE ENTIDAD CORPORATIVA
Nombre de entidad corporativa o nombre de jurisdicción como elemento de entrada Museos Municipales (Madrid)
9 (RLIN) 5931
852 ## - LOCALIZACIÓN
Ubicación ES-MaACL
Número de control de estantería L-20859
Sublocalización o colección R.126527
Holdings
Estatus retirado Estado de pérdida Estado de daño No para préstamo Biblioteca de origen Biblioteca actual Ubicación en estantería Fecha de adquisición Fuente de adquisición Total de préstamos Signatura topográfica completa Código de barras Visto por última vez Precio de reemplazo Tipo de ítem Koha
        Biblioteca del Ateneo de Madrid Biblioteca del Ateneo de Madrid Depósito 2 17/01/2008     L-20859 1013750 23/02/2023 23/02/2023 Libro impreso